| 000 | 00663nam a2200229 a 4500 | ||
|---|---|---|---|
| 008 | |||
| 020 | _a0077103939 (pbk.) | ||
| 049 | _aMAIN | ||
| 090 |
_aQA76.73.B3 _bPRI |
||
| 100 | 1 | _aPriestley, Mark | |
| 245 | 1 | 0 |
_aPractical object-oriented design with UML / _cMark Priestley |
| 250 | _a2nd ed. | ||
| 260 |
_aLondon : _bMcgraw-Hill, _c24 cm. |
||
| 504 | _aIncludes bibliographical references. | ||
| 500 | _aIncludes index. | ||
| 650 | _aBasic (computer program language) | ||
| 907 |
_a.b10385381 _b17-01-18 _c04-10-17 |
||
| 003 | |||
| 005 | 20230123122307.0 | ||
| 040 | _cNUST | ||
| 942 |
_cBOOKS _kQA76.73.B3 _mPRI |
||
| 999 |
_c131144 _d131144 |
||